008550000a22002290004500001000700000010002300007090001100030100004100041200006500082210002900147215002800176225001500204300013600219606003900355675002500394675001900419700002700438801001800465830002900483990001100512995010200523202109 aISBN 85-7114-117-7 a202109 a20220331 frey50  aVergílio FerreirafJoão Décioea ficção e o ensaio aBluemenaucEdifurbd2001 a127 p.d23 cmcbrochado aVersiprosa aContém dedicatória na folha de guarda Na folha de rosto está colocado um cartão com informação do autor João Décio  aLiteratura Portuguesa Ensaio91822 a821.134.3-4vFRzfra a82.09vFRzfra aDéciobJoão917258 aPTbBMMNgRPC cAna FalardofAna Falardo cLIVROS 002052026-05-11931811bBMMNf31531k821.134.3-4 DEC|SAFo0rLIVROSuAcesso CondicionadosOferta